| 000 | 00886nam a22002417a 4500 | ||
|---|---|---|---|
| 999 |
_c20134 _d20134 |
||
| 003 | AR-CdUCM | ||
| 008 | 190527b ||||| |||| 00| 0 spa d | ||
| 040 |
_aMUNICIPALIDAD PROVINCIAL DEL CUSCO _cBIBLIOTECA MUNICIPAL DEL CUSCO |
||
| 041 | _heng | ||
| 082 |
_a301.243 / _bS79 |
||
| 100 |
_aSteinberg, Charles Side _942109 |
||
| 245 | _aLos medios de comunicación social / | ||
| 260 |
_aMéxico, D.F : _bEdit. Roble, _c1972. |
||
| 300 |
_a 583 páginas ; _c24 cm. |
||
| 500 | _aEstudios sobre comunicación pública | ||
| 505 | _aContenido: La estructura y el desarrollo de la comunicación con el publico -- La opinión publica -- El periódico... | ||
| 650 |
_aComunicación _94985 |
||
| 650 |
_aSociología _9276 |
||
| 650 |
_aEducación pública _910865 |
||
| 700 |
_aTrejo de Hernández, Luz María (traducción) _942110 |
||
| 942 |
_2ddc _cLIBROS |
||
| 945 |
_adavv _d2019-05-27 |
||